IUP Journal of Accounting Research and Audit Practices (Record no. 224816)
[ view plain ]
| 000 -LEADER | |
|---|---|
| fixed length control field | 00882nam a22001697a 4500 |
| 003 - CONTROL NUMBER IDENTIFIER | |
| control field | OSt |
| 005 - DATE AND TIME OF LATEST TRANSACTION | |
| control field | 20221011155907.0 |
| 008 - FIXED-LENGTH DATA ELEMENTS--GENERAL INFORMATION | |
| fixed length control field | 221011b ||||| |||| 00| 0 eng d |
| 040 ## - CATALOGING SOURCE | |
| Transcribing agency | AL |
| 041 ## - LANGUAGE CODE | |
| Language code of text/sound track or separate title | eng |
| 245 ## - TITLE STATEMENT | |
| Title | IUP Journal of Accounting Research and Audit Practices |
| 260 ## - PUBLICATION, DISTRIBUTION, ETC. | |
| Place of publication, distribution, etc. | Hyderabad |
| Name of publisher, distributor, etc. | IUP Publications |
| 500 ## - GENERAL NOTE | |
| General note | It is a quarterly journal that offers papers on Financial accounting, Management accounting, Accounting standards, Taxation, IT-accounting interface; R&D reporting biases and their consequences; Corporate disclosures and Standards of reporting reflecting better governance, Environmental accounting and reporting; Auditing research, Internal and external audits, Ethics in reporting, etc. |
| 650 ## - SUBJECT ADDED ENTRY--TOPICAL TERM | |
| Source of heading or term | Accounting |
| Topical term or geographic name entry element | Accounting; research; Audit |
| 9 (RLIN) | 59429 |
| 856 ## - ELECTRONIC LOCATION AND ACCESS | |
| Host name | https://www.iupindia.in/AccountingResearch_AuditPractices.asp |
| 942 ## - ADDED ENTRY ELEMENTS (KOHA) | |
| Source of classification or shelving scheme | Dewey Decimal Classification |
| Koha item type | Periodicals |
| Serial record | 1 |
| Withdrawn status | Lost status | Source of classification or shelving scheme | Damaged status | Not for loan | Collection code | Home library | Current library | Shelving location | Date acquired | Total Checkouts | Barcode | Date last seen | Price effective from | Koha item type |
|---|---|---|---|---|---|---|---|---|---|---|---|---|---|---|
| Dewey Decimal Classification | Not for loan | M Com | St Aloysius PG Library | St Aloysius PG Library | Periodical Section | 10/11/2022 | PR48 | 10/11/2022 | 10/11/2022 | Periodicals |